000 00854cam a2200217 a 4500
001 000026527
005 20200930030253.0
008 760825s1999 mx a 000 e spa d
020 _a9806432118
040 _aDO-SdBNP
_bspa
_dBNPHU
082 _axxx
_bM744
100 1 _aMonje Silva, Edith
_953613
245 1 0 _aEl poder curativo de la mujer /
_cEdith Monje Silva ; editor José Luis García Froiz ; introducción Jesús Fuenmayor.
260 _aCaracas, Venezuela :
_bUrania,
_c1999.
300 _a93 p. ;
_c22 cm.
500 _aIncluye datos de la autora en la solapa
505 0 _aI. La herencia de panacea -- II. El valor del llanto -- III. El poder de la sonrisa -- IV. Saber oír, saber hablar -- V. Explorando lo masculino
700 1 _aGarcía Froiz, José Luis
_eed.
_953614
700 1 _aFuenmayor, Jesús
_eintrod.
_953615
049 _aBNGR
999 _c26019
_d26019